Central Library OPAC University of Rajshahi

বাংলাদেশের নাটক : (Record no. 9289)

MARC details
000 -LEADER
fixed length control field 01505ntm a22002537a 4500
001 - CONTROL NUMBER
control field 9289
003 - CONTROL NUMBER IDENTIFIER
rucl marc code BD-RjUL
005 - DATE AND TIME OF LATEST TRANSACTION
control field 20230320160333.0
008 - FIXED-LENGTH DATA ELEMENTS--GENERAL INFORMATION
fixed length control field 141110s2013 bg ||||| m||| 00| e ben d
035 ## - SYSTEM CONTROL NUMBER
System control number (BD-RjUL)9334
040 ## - CATALOGING SOURCE
Original cataloging agency BD-RjUL
Language of cataloging ben
Transcribing agency BD-RjUL
Modifying agency BD-RjUL
041 ## - LANGUAGE CODE
Language code of text/sound track or separate title ben
082 ## - DEWEY DECIMAL CLASSIFICATION NUMBER
Edition number 19
Classification number 792.095492
Author mark and year RAB 2013
100 ## - MAIN ENTRY--PERSONAL NAME
Personal name রহমান, মো. আতাউর
9 (RLIN) 113865
245 ## - TITLE STATEMENT
Title বাংলাদেশের নাটক :
Remainder of title বিষয় ও নির্মাণ শৈলী (১৯৭১-২০০০) /
Statement of responsibility, etc. মো. আতাউর রহমান ;
Linkage তত্ত্বাবধায়ক : মো. শহীদ ইকবাল
260 ## - PUBLICATION, DISTRIBUTION, ETC. (IMPRINT)
Place of publication, distribution, etc. রাজশাহী :
Name of publisher, distributor, etc. নাট্যকলা ও সংগীত বিভাগ, রাজশাহী বিশ্ববিদ্যালয়,
Date of publication, distribution, etc. ২০১৩
300 ## - PHYSICAL DESCRIPTION
Pagination [৫], ২২৯ পাতা ;
Size ২৮ সেমি.।
502 ## - DISSERTATION NOTE
Dissertation note থিসিস ( পিএইচ.ডি.)--নাট্যকলা ও সঙ্গীত বিভাগ, রাজশাহী বিশ্ববিদ্যালয়,২০১৩ ।
504 ## - BIBLIOGRAPHY, ETC. NOTE
Bibliography, etc গ্রন্থপঞ্জি সংযুক্ত
650 ## - SUBJECT ADDED ENTRY--TOPICAL TERM
Topical term or geographic name as entry element নাটক
Geographic subdivision বাংলাদেশ
9 (RLIN) 113870
Form subdivision ইতিহাস
Chronological subdivision ১৯৭১-২০০০
Topical term or geographic name as entry element Drama
Geographic subdivision Bangladesh
9 (RLIN) 113871
Form subdivision History
Chronological subdivision 1971-2000
700 ## - ADDED ENTRY--PERSONAL NAME
Personal name ইকবাল, মো. শহীদ, তত্ত্বাবধায়ক।.
942 ## - ADDED ENTRY ELEMENTS (KOHA)
Source of classification or shelving scheme Dewey Decimal Classification
Koha item type Theses
Holdings
Lost status Source of classification or shelving scheme Damaged status Not for loan Collection code Permanent Location Current Location Shelving location Date acquired Source of acquisition Total Checkouts Full call number Date last seen Copy number Koha item type
  Dewey Decimal Classification   Not For Loan Theses Central Library, University of Rajshahi Central Library, University of Rajshahi Documentation Section 28/10/201 Controller of Examination Office, University of Rajshahi, Rajshahi.   BTHE 792.095492 RAB 2013 20/01/2014 C-1 Theses